Statistics for Bangladeshi Districts With Most neighbouring districts

Click here to take the quiz!

General Stats

  • This quiz has been taken 7 times
  • The average score is 2 of 5

Answer Stats

Bordering DistrictsAnswer% Correct
10Barisal
86%
7Kishoreganj
29%
7Kushtia
29%
7Sirajganj
29%
7Jamalpur
0%

Score Distribution

Percentile by Number Answered

Percent of People with Each Score

Your Score History

You have not taken this quiz